| 000 | 00549cam a2200193 4500500 | ||
|---|---|---|---|
| 005 | 20260405001354.0 | ||
| 041 | _afre | ||
| 042 | _adc | ||
| 100 | 1 | 0 |
_aTenaillon, Nicolas _eauthor |
| 245 | 0 | 0 | _aPeste & Choléra |
| 260 | _c2012. | ||
| 500 | _a89 | ||
| 690 | _aAventure | ||
| 690 | _aDeville | ||
| 690 | _aScience | ||
| 690 | _aYersin | ||
| 786 | 0 | _nPhilosophie magazine | 64 | 11 | 2012-11-01 | p. 49-49 | 1951-1787 | |
| 856 | 4 | 1 | _uhttps://shs.cairn.info/magazine-philosophie-magazine-2012-11-page-49?lang=fr&redirect-ssocas=7080 |
| 999 |
_c2046942 _d2046942 |
||